| Поле | Инд. | ПП | Название | Значение |
|---|---|---|---|---|
| Тип записи | a | |||
| Библиографический уровень | b | |||
| 001 | Контрольный номер | RU/IS/BASE/260633581 | ||
| 005 | Дата корректировки | 20200522191222.5 | ||
| 008 | Кодируемые данные | 20080404 | ||
| 040 | b | Код языка каталог. | rus | |
| e | Правила каталог. | PSBO | ||
| 041 | 0_ | a | Код языка текста | rus |
| 084 | a | Индекс другой классификации/Индекс ББК | 63.3(2)6-7 | |
| 100 | 1_ | a | Автор | Снеговая И. А. |
| q | Полное имя | Снеговая Ирина Александровна | ||
| 245 | 10 | a | Заглавие | Гений места |
| b | Продолж. заглавия | "Очаровательная странность" Комарово | ||
| 650 | a | Основная рубрика | история | |
| 653 | 1_ | a | Ключевые слова | XX век |
| a | Ключевые слова | история культуры | ||
| a | Ключевые слова | Карельский перешеек | ||
| a | Ключевые слова | Комарово | ||
| a | Ключевые слова | Россия | ||
| 773 | 08 | t | Заглавие источника | Библиотечное дело |
| d | Дата издания источника | 2007 | ||
| g | Прочая информация | № 10 . - С. 6 - 10 | ||
| w | Контрольный № источника | RU/IS/BASE/258217842 | ||
| 901 | t | Тип документа | b |